[Event "NZL-ch Rapid 131st"]
[Site "Palmerston North"]
[Date "2024.01.11"]
[Round "3.7"]
[White "Hart, Ralph"]
[Black "Ning, Isabelle Yixuan"]
[Result "1/2-1/2"]
[WhiteElo "2048"]
[BlackElo "1958"]
[PlyCount "53"]
[EventDate "2024.01.11"]
[EventType "swiss (rapid)"]
[EventRounds "9"]
[EventCountry "NZL"]
[SourceTitle "CB03_2024"]
[SourceDate "2024.01.17"]
[SourceVersion "1"]
[SourceVersionDate "2024.01.17"]
[SourceQuality "1"]

1. e4 c5 2. Nc3 d6 3. Nf3 Nf6 4. e5 Nfd7 5. e6 fxe6 6. Ng5 Nf6 7. Bb5+ Nc6 8. 0-0 a6 9. Bxc6+ bxc6 10. f4 g6 11. Qe2 Bg7 12. Nxe6 Bxe6 13. Qxe6 Qd7 14. Qc4 Qa7 15. d3 d5 16. Qa4 c4+ 17. Kh1 Rc8 18. Bd2 cxd3 19. cxd3 0-0 20. Rae1 Ng4 21. Nd1 Nh6 22. Bc3 Nf5 23. Re6 Bxc3 24. bxc3 Rf6 25. Rxf6 exf6 26. Re1 Qd7 27. Qc2 1/2-1/2

[Event "NZL-ch op 131st"]
[Site "Palmerston North"]
[Date "2024.01.04"]
[Round "3"]
[White "Ning, Isabelle Yixuan"]
[Black "Croad, Nicholas"]
[Result "0-1"]
[WhiteElo "1958"]
[BlackElo "2171"]
[PlyCount "82"]
[EventDate "2024.01.02"]
[EventType "swiss"]
[EventRounds "9"]
[EventCountry "NZL"]
[SourceTitle "CB03_2024"]
[SourceDate "2024.01.17"]
[SourceVersion "1"]
[SourceVersionDate "2024.01.17"]
[SourceQuality "1"]

1. d4 Nf6 2. c4 e6 3. Nc3 Bb4 4. f3 0-0 5. e4 d5 6. e5 Nfd7 7. a3 Bxc3+ 8. bxc3 dxc4 9. f4 Nb6 10. Nf3 Bd7 11. a4 a5 12. Qc2 f5 13. Nd2 Qe8 14. Nxc4 Bxa4 15. Qa2 N8d7 16. Ne3 Bc6 17. c4 Be4 18. Ba3 Rf7 19. Be2 Nb8 20. d5 Na6 21. dxe6 Qxe6 22. c5 Nd5 23. Bc4 c6 24. 0-0 Kh8 25. Rfd1 Rd7 26. Rd2 Nac7 27. Qb3 Qg6 28. g3 Rad8 29. Rad1 h5 30. Kf2 h4 31. Nxd5 Nxd5 32. Rg1 Nxf4 33. Rxd7 Nh3+ 34. Ke3 Qg5+ 35. Ke2 Nxg1+ 36. Kf1 Rxd7 37. Kxg1 hxg3 38. Qxg3 Rd1+ 39. Kf2 Qd2+ 40. Be2 Qe1+ 41. Ke3 Rd3+ 0-1

[Event "Auckland Trusts op 45th"]
[Site "Auckland"]
[Date "2023.06.05"]
[Round "6"]
[White "Ning, Isabelle Yixuan"]
[Black "Vital, Henry"]
[Result "1-0"]
[WhiteElo "1920"]
[BlackElo "1855"]
[PlyCount "87"]
[EventDate "2023.06.03"]
[EventType "swiss"]
[EventRounds "6"]
[EventCountry "NZL"]
[SourceTitle "EXT 2024"]
[Source "ChessBase"]
[SourceDate "2023.10.10"]
[SourceVersion "1"]
[SourceVersionDate "2023.10.10"]
[SourceQuality "1"]

1. d4 d5 2. c4 e6 3. Nc3 Nf6 4. cxd5 exd5 5. Bg5 Be7 6. e3 c6 7. Bd3 Bg4 8. Qc2 h6 9. Bh4 Nbd7 10. Nge2 Bxe2 11. Qxe2 0-0 12. 0-0 Re8 13. a3 a5 14. Rab1 Nh7 15. Bg3 Ndf6 16. b4 axb4 17. axb4 Ng5 18. b5 c5 19. dxc5 Bxc5 20. Qc2 Rc8 21. Bf5 Ne6 22. Rfd1 Bb6 23. Qb3 Nc5 24. Qb2 Ne6 25. Be5 Ba5 26. Nxd5 Nxd5 27. e4 Qg5 28. Rxd5 Rcd8 29. Rbd1 Rxd5 30. Rxd5 Nf4 31. Bxf4 Qxf4 32. g3 Qf3 33. b6 Qc3 34. Qb5 Ra8 35. Rd7 g6 36. Qd5 Rf8 37. Bxg6 Qg7 38. Bxf7+ Rxf7 39. Rxf7 Qxf7 40. Qxa5 Qe7 41. Qf5 Kh8 42. Qc8+ Kg7 43. Qc7 Kf7 44. f4 1-0

[Event "Oceania zt 3.6"]
[Site "Melbourne"]
[Date "2023.01.25"]
[Round "4"]
[White "Kethro, Michael"]
[Black "Ning, Isabelle Yixuan"]
[Result "1-0"]
[WhiteElo "2149"]
[BlackElo "1949"]
[PlyCount "93"]
[EventDate "2023.01.23"]
[EventType "swiss"]
[EventRounds "9"]
[EventCountry "AUS"]
[SourceTitle "CBM 212 Extra"]
[Source "ChessBase"]
[SourceDate "2023.03.31"]
[SourceVersion "1"]
[SourceVersionDate "2023.03.31"]
[SourceQuality "1"]

1. d4 Nf6 2. c4 g6 3. Nc3 Bg7 4. e4 d6 5. Nf3 0-0 6. Be2 Nbd7 7. 0-0 e5 8. Be3 Qe7 9. Qc2 c6 10. Rad1 h6 11. d5 c5 12. Nd2 Nb6 13. a3 Ng4 14. Bxg4 Bxg4 15. Rb1 f5 16. f3 Bh5 17. b4 f4 18. Bf2 cxb4 19. axb4 Rac8 20. Nb5 Nd7 21. Nxa7 Ra8 22. Nb5 g5 23. Nc7 Rac8 24. Ne6 Rf6 25. c5 g4 26. Bh4 g3 27. h3 dxc5 28. bxc5 Nxc5 29. Rfc1 b6 30. Nxg7 Qxg7 31. Bxf6 Qxf6 32. Qb2 Ra8 33. Qxb6 Qxb6 34. Rxb6 Nd3 35. Rc2 Ne1 36. Rcb2 Kg7 37. R6b3 Ra4 38. Kf1 Ra1 39. Rb1 Rxb1 40. Rxb1 Nd3 41. Nc4 Kf6 42. Ke2 Nf2 43. Rb6+ Kg5 44. h4+ Kxh4 45. Rxh6 Kg5 46. Rxh5+ Kxh5 47. d6 1-0

[Event "NZL-ch rapid op 130th"]
[Site "Wellington"]
[Date "2023.01.05"]
[Round "8"]
[White "Park Tamati, Philli"]
[Black "Ning, Isabelle Yixuan"]
[Result "1-0"]
[WhiteElo "1868"]
[BlackElo "1949"]
[PlyCount "29"]
[EventDate "2023.01.04"]
[EventType "swiss (rapid)"]
[EventRounds "9"]
[EventCountry "NZL"]
[SourceTitle "CBM 212 Extra"]
[Source "ChessBase"]
[SourceDate "2023.03.31"]
[SourceVersion "1"]
[SourceVersionDate "2023.03.31"]
[SourceQuality "1"]

1. d4 Nf6 2. Bf4 g6 3. Nc3 d5 4. e3 Bg7 5. h4 h5 6. Be2 c6 7. Nf3 0-0 8. Qd2 Nbd7 9. Ne5 Nxe5 10. Bxe5 Ne8 11. Bxg7 Kxg7 12. e4 dxe4 13. Nxe4 Nd6 14. Ng5 Bf5 15. 0-0-0 1-0

[Event "NZL-ch op-A 130th"]
[Site "Wellington"]
[Date "2023.01.04"]
[Round "3"]
[White "Ning, Isabelle Yixuan"]
[Black "Thomas, Benjamin"]
[Result "1/2-1/2"]
[WhiteElo "1949"]
[BlackElo "2038"]
[PlyCount "64"]
[EventDate "2023.01.02"]
[EventType "swiss"]
[EventRounds "9"]
[EventCountry "NZL"]
[SourceTitle "CBM 212 Extra"]
[Source "ChessBase"]
[SourceDate "2023.03.31"]
[SourceVersion "1"]
[SourceVersionDate "2023.03.31"]
[SourceQuality "1"]

1. d4 e6 2. c4 f5 3. Nc3 Nf6 4. Nf3 Be7 5. Bf4 b6 6. e3 0-0 7. h3 Bb7 8. Be2 Ne4 9. Qb3 a5 10. c5 Nxc3 11. bxc3 a4 12. Qb2 d6 13. cxb6 cxb6 14. h4 Bf6 15. Ng5 Bxg5 16. Bxg5 Qc7 17. 0-0 e5 18. h5 h6 19. Bh4 f4 20. exf4 Rxf4 21. Bg3 Qc6 22. f3 Rf5 23. Rab1 Ba6 24. Rfd1 Bxe2 25. Qxe2 Nd7 26. dxe5 Nxe5 27. Bf2 Raf8 28. Rxb6 Qxc3 29. Rbxd6 Rg5 30. Rd8 Nxf3+ 31. Kf1 Nh2+ 32. Kg1 Nf3+ 1/2-1/2

[Event "South Island-ch"]
[Site "Invercargill"]
[Date "2022.10.07"]
[Round "5"]
[White "Ning, Isabelle Yixuan"]
[Black "Yu, Weiyang"]
[Result "1-0"]
[WhiteElo "1839"]
[BlackElo "1553"]
[PlyCount "67"]
[EventDate "2022.10.05"]
[EventType "swiss"]
[EventRounds "8"]
[EventCountry "NZL"]
[SourceTitle "EXT 2024"]
[Source "ChessBase"]
[SourceDate "2023.10.10"]
[SourceVersion "1"]
[SourceVersionDate "2023.10.10"]
[SourceQuality "1"]

1. d4 d5 2. c4 e6 3. Nc3 a6 4. cxd5 exd5 5. Nf3 c6 6. h3 Bf5 7. Bf4 Bd6 8. Bxd6 Qxd6 9. e3 Nd7 10. Bd3 Bxd3 11. Qxd3 Ngf6 12. 0-0 0-0 13. Rab1 Rfe8 14. b4 Ne4 15. Na4 b6 16. Rfc1 c5 17. bxc5 bxc5 18. dxc5 Nexc5 19. Nxc5 Nxc5 20. Qd4 Nd7 21. Rd1 Nf6 22. Rb6 Qa3 23. Qa1 Rac8 24. Nd4 Ne4 25. Rb3 Qc5 26. Nf5 f6 27. Rb7 Rc7 28. Qb2 Rec8 29. Rxc7 Rxc7 30. Qb8+ Kf7 31. Qh8 Kg6 32. Qe8+ Kxf5 33. g4+ Kg5 34. Qh5# 1-0

[Event "South Island-ch"]
[Site "Invercargill"]
[Date "2022.10.06"]
[Round "3"]
[White "Ning, Isabelle Yixuan"]
[Black "Rains, Edward"]
[Result "1-0"]
[WhiteElo "1839"]
[BlackElo "1993"]
[PlyCount "57"]
[EventDate "2022.10.05"]
[EventType "swiss"]
[EventRounds "8"]
[EventCountry "NZL"]
[SourceTitle "EXT 2024"]
[Source "ChessBase"]
[SourceDate "2023.10.10"]
[SourceVersion "1"]
[SourceVersionDate "2023.10.10"]
[SourceQuality "1"]

1. d4 Nf6 2. c4 g6 3. Nc3 Bg7 4. e4 d6 5. h3 0-0 6. Be3 e5 7. d5 Na6 8. Nge2 Nc5 9. f3 a5 10. g4 c6 11. Ng3 h5 12. Bg5 Qb6 13. Qd2 a4 14. gxh5 Qb4 15. Rg1 a3 16. b3 cxd5 17. Bxf6 Bxf6 18. Nxd5 Qxd2+ 19. Kxd2 Bd8 20. Nf5 Kh7 21. Nxd6 gxh5 22. Kc3 Ne6 23. Bd3 Kh8 24. h4 Nc5 25. Rg2 Be6 26. Rag1 Bxd5 27. exd5 Be7 28. Rg8+ Rxg8 29. Nxf7# 1-0

[Event "Olympiad Women-44"]
[Site "Chennai"]
[Date "2022.08.01"]
[Round "4.3"]
[White "Puuska, Heini"]
[Black "Ning, Isabelle Yixuan"]
[Result "1-0"]
[WhiteElo "2010"]
[BlackElo "1853"]
[PlyCount "105"]
[EventDate "2022.07.29"]
[EventType "team-swiss"]
[EventRounds "11"]
[EventCountry "IND"]
[SourceTitle "CBM 210"]
[Source "ChessBase"]
[SourceDate "2022.10.31"]
[SourceVersion "1"]
[SourceVersionDate "2022.10.31"]
[SourceQuality "1"]
[WhiteTeam "Finland (W)"]
[BlackTeam "New Zealand (W)"]
[WhiteTeamCountry "FIN"]
[BlackTeamCountry "NZL"]

1. d4 Nf6 2. Nf3 g6 3. g3 Bg7 4. Bg2 0-0 5. 0-0 d6 6. b3 c6 7. Bb2 Na6 8. c4 Nc7 9. Nc3 d5 10. Re1 b5 11. Ne5 Bb7 12. a4 bxc4 13. bxc4 Nd7 14. cxd5 Nxe5 15. dxe5 cxd5 16. f4 Rb8 17. Qd2 Qd7 18. Red1 Rfd8 19. Ba3 f6 20. exf6 Bxf6 21. e4 e5 22. fxe5 Bxe5 23. Rac1 d4 24. Qg5 Qg7 25. Nb5 Nxb5 26. axb5 Bf6 27. Qc5 d3 28. Qc4+ Qf7 29. Qxf7+ Kxf7 30. Rc7+ Kg8 31. e5 Bxg2 32. exf6 Bd5 33. Rxd3 Bf7 34. Rxd8+ Rxd8 35. Rxa7 Rd1+ 36. Kf2 Bc4 37. Rg7+ Kh8 38. Rc7 Rf1+ 39. Ke3 Bg8 40. Be7 h5 41. b6 Bd5 42. b7 Bxb7 43. Rxb7 Kg8 44. h4 Kf7 45. Ke4 Rf5 46. Bd8+ Ke8 47. Be7 Kf7 48. Rb8 Ke6 49. Rg8 Kf7 50. Rg7+ Ke6 51. Rxg6 Re5+ 52. Kf3 Kf7 53. Rg5 1-0

[Event "Henderson Trusts op-A 44th"]
[Site "Henderson"]
[Date "2022.06.04"]
[Round "1"]
[White "Ning, Isabelle Yixuan"]
[Black "Cilia Vincenti, David"]
[Result "0-1"]
[WhiteElo "1808"]
[BlackElo "1935"]
[PlyCount "98"]
[EventDate "2022.06.04"]
[EventType "swiss"]
[EventRounds "6"]
[EventCountry "NZL"]
[SourceTitle "EXT 2024"]
[Source "ChessBase"]
[SourceDate "2023.10.10"]
[SourceVersion "1"]
[SourceVersionDate "2023.10.10"]
[SourceQuality "1"]

1. d4 d5 2. c4 e6 3. Nc3 Nf6 4. cxd5 exd5 5. Bg5 c6 6. Qc2 h6 7. Bh4 Be7 8. e3 0-0 9. Bd3 Re8 10. Nge2 Nbd7 11. 0-0 a5 12. a3 b5 13. f3 Ba6 14. a4 b4 15. Nd1 Bxd3 16. Qxd3 c5 17. b3 Rc8 18. Rc1 Qb6 19. Nb2 cxd4 20. Nxd4 Bc5 21. Kh1 Ne5 22. Qf5 g5 23. Bg3 Ned7 24. f4 Bxd4 25. Rxc8 Rxc8 26. exd4 g4 27. Bh4 Qe6 28. Qd3 Rc3 29. Qb5 Rxb3 30. Re1 Re3 31. Rc1 Re2 32. Nd3 Qe4 33. Rg1 Kg7 34. Ne5 Nxe5 35. Bxf6+ Kxf6 36. fxe5+ Kg7 37. Qxa5 Qxd4 38. Qb5 Qxe5 39. Qxb4 Rb2 40. Qxg4+ Kh7 41. Rf1 Rf2 42. Qd1 Qe3 43. Qb1+ Kg7 44. Qa1+ d4 45. Re1 Qc3 46. Qxc3 dxc3 47. Kg1 Rd2 48. h3 c2 49. Kh2 Rd1 0-1

[Event "NZL-ch (Women)"]
[Site "Auckland"]
[Date "2022.04.18"]
[Round "4"]
[White "Ning, Isabelle Yixuan"]
[Black "Ray, Charlotte"]
[Result "1-0"]
[WhiteElo "1810"]
[BlackElo "1402"]
[PlyCount "73"]
[EventDate "2022.04.17"]
[EventType "swiss"]
[EventRounds "7"]
[EventCountry "NZL"]
[SourceTitle "EXT 2024"]
[Source "ChessBase"]
[SourceDate "2023.10.10"]
[SourceVersion "1"]
[SourceVersionDate "2023.10.10"]
[SourceQuality "1"]

1. d4 d5 2. c4 c6 3. Nc3 Nf6 4. e3 e6 5. Nf3 Nbd7 6. Bd3 dxc4 7. Bxc4 b5 8. Bd3 a5 9. 0-0 Bd6 10. e4 e5 11. dxe5 Nxe5 12. Nxe5 Bxe5 13. h3 h6 14. Be3 0-0 15. Qe2 a4 16. Rac1 Bb7 17. Rfd1 Qe7 18. f4 Bxc3 19. Rxc3 Nxe4 20. Bc5 Qe6 21. Qxe4 Qxe4 22. Bxe4 Rfe8 23. Bf3 f5 24. Rd7 Bc8 25. Rc7 Rb8 26. Bxc6 Re2 27. Ba7 b4 28. Rd3 Rxb2 29. Bxb8 Rxa2 30. Bd5+ Kh7 31. Bxa2 Ba6 32. Rdd7 b3 33. Rxg7+ Kh8 34. Rh7+ Kg8 35. Rcg7+ Kf8 36. Bd6+ Ke8 37. Rh8# 1-0

[Event "NZL-ch (Women)"]
[Site "Auckland"]
[Date "2022.04.17"]
[Round "2"]
[White "Ning, Isabelle Yixuan"]
[Black "Lourenco, Eva"]
[Result "0-1"]
[WhiteElo "1810"]
[BlackElo "1327"]
[PlyCount "134"]
[EventDate "2022.04.17"]
[EventType "swiss"]
[EventRounds "7"]
[EventCountry "NZL"]
[SourceTitle "EXT 2024"]
[Source "ChessBase"]
[SourceDate "2023.10.10"]
[SourceVersion "1"]
[SourceVersionDate "2023.10.10"]
[SourceQuality "1"]

1. d4 Nf6 2. c4 c6 3. Nc3 d5 4. e3 e6 5. Nf3 Nbd7 6. Bd3 Bb4 7. 0-0 0-0 8. Bd2 Bxc3 9. Bxc3 dxc4 10. Bxc4 Nd5 11. Bd2 N7f6 12. Qc2 Re8 13. e4 Nb6 14. Bg5 Nxc4 15. Qxc4 h6 16. Bh4 Qb6 17. Bxf6 gxf6 18. Qd3 e5 19. dxe5 fxe5 20. Rab1 Qc7 21. Nh4 Qe7 22. Nf3 Qf6 23. Rbd1 Bg4 24. Kh1 Kh7 25. h3 Bxf3 26. Qxf3 Qxf3 27. gxf3 Rad8 28. Rg1 Rd4 29. f4 Red8 30. Rxd4 exd4 31. Rd1 d3 32. Kg2 c5 33. Kf3 c4 34. Ke3 b5 35. Kd2 Rd6 36. e5 Ra6 37. a3 Kg6 38. Rg1+ Kf5 39. Ke3 f6 40. Rg4 fxe5 41. fxe5 Kxe5 42. Kd2 Rf6 43. Rg2 a6 44. Kc3 Kf5 45. b3 cxb3 46. Kxb3 Rc6 47. Rg1 Kf4 48. Rd1 Ke4 49. h4 a5 50. Rd2 Kd4 51. Rd1 Rc3+ 52. Kb2 Rc2+ 53. Kb1 Rxf2 54. Rg1 Kc3 55. h5 Rb2+ 56. Ka1 Rh2 57. a4 bxa4 58. Rc1+ Kd2 59. Kb1 Rxh5 60. Rc4 Re5 61. Rxa4 Ke2 62. Rh4 h5 63. Kb2 Rd5 64. Re4+ Kf3 65. Re1 d2 66. Rd1 Ke2 67. Kc2 Rc5+ 0-1

[Event "NZL-ch op 129th"]
[Site "Christchurch"]
[Date "2022.01.06"]
[Round "5"]
[White "Rains, Edward"]
[Black "Ning, Isabelle Yixuan"]
[Result "1/2-1/2"]
[WhiteElo "2004"]
[BlackElo "1796"]
[PlyCount "163"]
[EventDate "2022.01.02"]
[EventType "swiss"]
[EventRounds "9"]
[EventCountry "NZL"]
[SourceTitle "EXT 2023"]
[Source "ChessBase"]
[SourceDate "2022.10.05"]
[SourceVersion "1"]
[SourceVersionDate "2022.10.05"]
[SourceQuality "1"]

1. e4 c5 2. Be2 d6 3. f4 Nc6 4. d3 g6 5. Nf3 Bg7 6. 0-0 e6 7. c3 Nge7 8. Be3 b6 9. d4 cxd4 10. cxd4 0-0 11. Nc3 Bb7 12. Bf2 Rc8 13. Bh4 Qd7 14. Qa4 Rfe8 15. Rfe1 Qc7 16. Rac1 Qb8 17. Bb5 a6 18. Bxa6 Bxa6 19. Qxa6 Nxd4 20. Bxe7 Nxf3+ 21. gxf3 Bd4+ 22. Kg2 Rxe7 23. Nd5 Rec7 24. Ne7+ Kg7 25. Nxc8 Bc5 26. b4 Bxb4 27. Rxc7 Qxc7 28. Re2 Bc5 29. e5 dxe5 30. fxe5 Qd8 31. f4 Qd1 32. Qc4 Qg1+ 33. Kf3 Qf1+ 34. Ke4 Qh1+ 35. Kd3 Qd1+ 36. Kc3 Qc1+ 37. Kb3 Qb1+ 38. Ka4 Qd1+ 39. Rc2 Qd7+ 40. Qb5 Qxc8 41. Kb3 Qa8 42. Qa4 Qd5+ 43. Qc4 Qf3+ 44. Qc3 Qxf4 45. Re2 Qf1 46. Qd3 Qc1 47. Rb2 Qf4 48. Re2 Qb4+ 49. Kc2 Bd4 50. Qe4 Qc3+ 51. Kd1 Bc5 52. Rc2 Qh3 53. Qf4 Qd3+ 54. Rd2 Qb1+ 55. Ke2 Qb5+ 56. Rd3 Be7 57. a4 Qc6 58. Rf3 Qe8 59. Rb3 Qd8 60. Rd3 Qc8 61. Kf1 Qa6 62. Ke2 Qb7 63. Rf3 Bd8 64. Kf2 Qa7 65. Kg2 Qb7 66. Kh3 g5 67. Qg4 Qd5 68. Qh5 Qd7 69. Kg3 h6 70. h4 Qc7 71. Kh3 Qd7 72. Kg2 gxh4 73. Rf2 Bg5 74. Qf3 Qe7 75. Rf1 Qc7 76. Rf2 Qe7 77. Kh3 Qd7 78. Rf1 Qa7 79. Qf2 Qc7 80. Qf3 Qd7 81. Rf2 Qa7 82. Rf1 1/2-1/2

[Event "Eastern Asia-ch U12 Girls"]
[Site "Tornelo INT"]
[Date "2021.10.22"]
[Round "3"]
[White "Ning, Isabelle Yixuan"]
[Black "Liang, Wenbo"]
[Result "0-1"]
[WhiteElo "1649"]
[BlackElo "1205"]
[PlyCount "68"]
[EventDate "2021.10.22"]
[EventType "swiss"]
[EventRounds "9"]
[EventCountry "NET"]
[SourceTitle "EXT 2023"]
[Source "ChessBase"]
[SourceDate "2022.10.05"]
[SourceVersion "1"]
[SourceVersionDate "2022.10.05"]
[SourceQuality "1"]

1. d4 d6 2. Bf4 g6 3. Nc3 Bg7 4. e4 Nf6 5. Qd2 0-0 6. 0-0-0 Nbd7 7. f3 c5 8. dxc5 Nxc5 9. Bh6 a6 10. h4 b5 11. g4 b4 12. Nd5 Nxd5 13. exd5 a5 14. h5 Bxb2+ 15. Kxb2 Na4+ 16. Ka1 Nc3 17. Bxf8 Qxf8 18. hxg6 fxg6 19. Re1 Qf6 20. g5 Qg7 21. Qc1 Na4+ 22. c3 bxc3 23. a3 Rb8 24. Qc2 Bf5 25. Re4 Bxe4 26. fxe4 Nc5 27. Ne2 Nb3+ 28. Ka2 Qe5 29. Qxc3 Qxg5 30. Bh3 Nc5 31. Nc1 a4 32. Rf1 Qh4 33. e5 Qe4 34. exd6 Qb1# 0-1

[Event "Eastern Asia-ch U12 Girls"]
[Site "Tornelo INT"]
[Date "2021.10.22"]
[Round "1"]
[White "Ning, Isabelle Yixuan"]
[Black "Sananda, R."]
[Result "1-0"]
[WhiteElo "1649"]
[BlackElo "1087"]
[PlyCount "127"]
[EventDate "2021.10.22"]
[EventType "swiss"]
[EventRounds "9"]
[EventCountry "NET"]
[SourceTitle "EXT 2023"]
[Source "ChessBase"]
[SourceDate "2022.10.05"]
[SourceVersion "1"]
[SourceVersionDate "2022.10.05"]
[SourceQuality "1"]

1. d4 Nf6 2. Bf4 e6 3. e3 d5 4. c3 Nbd7 5. Nd2 Be7 6. Ngf3 0-0 7. Bd3 b6 8. 0-0 Bb7 9. Ne5 c5 10. Rc1 Rc8 11. Qe2 h6 12. Rfd1 Nxe5 13. Bxe5 Nd7 14. Bf4 Bg5 15. Qg4 Bxf4 16. Qxf4 Qc7 17. Qh4 e5 18. dxc5 Nxc5 19. Bb1 f5 20. Nf3 Rcd8 21. Qh5 Ne4 22. Nh4 Qf7 23. Qxf7+ Kxf7 24. Nxf5 Kg8 25. Bxe4 dxe4 26. Nd6 Bc6 27. Nc4 Rxd1+ 28. Rxd1 Re8 29. h3 Re7 30. Rd6 Bb5 31. Nd2 Bd3 32. f3 Bb5 33. Nxe4 Kf7 34. b3 Ba6 35. c4 Bb7 36. Kf2 Bxe4 37. fxe4 Ke8 38. Kg3 Kf7 39. Kg4 Rc7 40. Kf5 Re7 41. h4 Kf8 42. Rd5 Kf7 43. h5 a6 44. Rxe5 Rd7 45. Rd5 Rc7 46. e5 Ke8 47. e6 Rc6 48. Ke5 Ke7 49. Rd7+ Ke8 50. Rxg7 Kd8 51. Kf6 Kc8 52. Kf7 Rc7+ 53. e7 Rd7 54. Kf8 Rxe7 55. Rxe7 a5 56. Kf7 a4 57. bxa4 b5 58. axb5 Kd8 59. Ke6 Kc8 60. Rh7 Kb8 61. Kd6 Ka8 62. b6 Kb8 63. Kc6 Ka8 64. Rh8# 1-0